Химия. ЕГЭ. 10-11 классы (Запись № 11146101)

Подробности
000 -МАРКЕР
контрольное поле 02365nam0a2200397 4500
001 - ИДЕНТИФИКАТОР ЗАПИСИ
контрольное поле RU\NLR\BIBL_A\011654355
005 - ИДЕНТИФИКАТОР ВЕРСИИ
контрольное поле 20180403101407.0
010 ## - МЕЖДУНАРОДНЫЙ СТАНДАРТНЫЙ НОМЕР КНИГИ (ISBN)
Номер (ISBN) 978-5-9966-1066-2
Тираж 5000
021 ## - НОМЕР ГОСУДАРСТВЕННОЙ РЕГИСТРАЦИИ
Код страны Российская Федерация
Номер КН-П-18-008145
Номер Листа государственной регистраци КН-П-18-0564
035 ## - ДРУГИЕ СИСТЕМНЫЕ НОМЕРА
Идентификатор записи (NLR Aleph) 011654355
035 ## - ДРУГИЕ СИСТЕМНЫЕ НОМЕРА
Идентификатор записи (RuMoRGB)009535454
100 ## - ДАННЫЕ ОБЩЕЙ ОБРАБОТКИ
Данные общей обработки 20180312d2017 k y0rusy50 ca
101 0# - ЯЗЫК РЕСУРСА
Язык текста, звукозаписи и т.д. русский
102 ## - СТРАНА ПУБЛИКАЦИИ ИЛИ ПРОИЗВОДСТВА
Страна публикации Российская Федерация
105 ## - ПОЛЕ КОДИРОВАННЫХ ДАННЫХ: ТЕКСТОВЫЕ МАТЕРИАЛЫ, МОНОГРАФИЧЕСКИЕ
Кодированные данные о монографическом текстовом документе y j 000zy
200 1# - ЗАГЛАВИЕ И СВЕДЕНИЯ ОБ ОТВЕТСТВЕННОСТИ
Основное заглавие Химия. ЕГЭ. 10-11 классы
Сведения, относящиеся к заглавию новые задания высокого уровня сложности по демоверсии 2018 года
-- [800 заданий в формате ЕГЭ, теоретические сведения, примеры выполнения заданий, ответы и подробные решения]
-- учебно-методическое пособие
Первые сведения об ответственности В. Н. Доронькин, А. Г. Бережная, Т. В. Сажнева, В. А. Февралева
Последующие сведения об ответственности под редакцией В. Н. Доронькина
210 ## - ПУБЛИКАЦИЯ, РАСПРОСТРАНЕНИЕ И ДР.
Место издания, распространения и т.д. Ростов-на-Дону
Имя издателя, распространителя и т. д. Легион
Дата издания, распространения и т.д. 2017
215 ## - ФИЗИЧЕСКАЯ ХАРАКТЕРИСТИКА
Специфическое обозначение материала и объем 439, [1] с.
Размеры 20
225 1# - СЕРИЯ
Основное заглавие серии ЕГЭ
300 ## - ОБЩИЕ ПРИМЕЧАНИЯ
Текст примечания Загл. обл.: ЕГЭ-2018. Химия. Новые задания высокого уровня сложности по демоверсии 2018 года
320 ## - ПРИМЕЧАНИЯ О НАЛИЧИИ В ДОКУМЕНТЕ БИБЛИОГРАФИИ / УКАЗАТЕЛЯ
Текст примечания Библиогр. в конце кн.
512 1# - ЗАГЛАВИЕ ОБЛОЖКИ
Заглавие обложки ЕГЭ-2018. Химия. Новые задания высокого уровня сложности по демоверсии 2018 года
606 ## - НАИМЕНОВАНИЕ ТЕМЫ КАК ПРЕДМЕТ
Наименование темы Химические науки -- Учебно-методическое пособие для средней общеобразовательной школы
Код системы rubbk
606 1# - НАИМЕНОВАНИЕ ТЕМЫ КАК ПРЕДМЕТ
Наименование темы Химия
Формальный подзаголовок Задачники
Системный номер авторитетной/нормативной записи 898913
Идентификатор авторитетной/нормативной записи RU\NLR\AUTH\666296
686 ## - ИНДЕКСЫ ДРУГИХ КЛАССИФИКАЦИЙ
Индекс Г.я721-14
Код системы
686 1# - ИНДЕКСЫ ДРУГИХ КЛАССИФИКАЦИЙ
Индекс Г1я721-4
701 #1 - ИМЯ ЛИЦА - АЛЬТЕРНАТИВНАЯ ОТВЕТСТВЕННОСТЬ
Начальный элемент ввода Доронькин
Часть имени, кроме начального элемента ввода В. Н.
Расширение инициалов личного имени Владимир Николаевич
Код отношения Автор
-- Редактор
701 #1 - ИМЯ ЛИЦА - АЛЬТЕРНАТИВНАЯ ОТВЕТСТВЕННОСТЬ
Начальный элемент ввода Бережная
Часть имени, кроме начального элемента ввода А. Г.
Расширение инициалов личного имени Александра Григорьевна
701 #1 - ИМЯ ЛИЦА - АЛЬТЕРНАТИВНАЯ ОТВЕТСТВЕННОСТЬ
Графика поля Кириллица
Материалы, к которым относится поле rus
Начальный элемент ввода Сажнева
Часть имени, кроме начального элемента ввода Т. В.
Расширение инициалов личного имени Татьяна Владимировна
Системный номер авторитетной/нормативной записи 30070
Идентификатор авторитетной/нормативной записи RU\NLR\AUTH\7747135
701 #1 - ИМЯ ЛИЦА - АЛЬТЕРНАТИВНАЯ ОТВЕТСТВЕННОСТЬ
Начальный элемент ввода Февралева
Часть имени, кроме начального элемента ввода В. А.
Расширение инициалов личного имени Валентина Александровна
942 ## - ДОПОЛНИТЕЛЬНЫЕ ЭЛЕМЕНТЫ ЗАПИСИ (АБИС)
Тип экземпляра АБИС Книга
980 ## - КОЛЛЕКЦИЯ
Название коллекции НБР
980 ## - КОЛЛЕКЦИЯ
Название коллекции Национальная библиография

Нет доступных экземпляров.